000 01062cam a2200169 4500500
005 20260426020050.0
041 _afre
042 _adc
100 1 0 _aGuedj, Nicole
_eauthor
245 0 0 _aDes droits pour les victimes ?
260 _c2005.
500 _a47
520 _aCette nouvelle fantastique met en scène une invention temporelle qui permet de faire du double, de dupliquer, en se servant du temps comme catalyseur. Sur le plan symbolique, elle nous montre sous un nouveau jour la scène œdipienne, en convoquant également Électre dans le même montage.
520 _aLove, time, time, love This fantastic short story stages a temporal invention enabling the act of making doubles, of duplicating, time being used as a catalyst. Symbolically, it shows us the œdipal scene under a new light, Electra is brought there in the same montage.
786 0 _nImaginaire & Inconscient | 15 | 1 | 2005-03-01 | p. 11-16 | 1628-9676
856 4 1 _uhttps://shs.cairn.info/revue-imaginaire-et-inconscient-2005-1-page-11?lang=fr&redirect-ssocas=7080
999 _c2225386
_d2225386